000 00462nam a2200217Ia 4500
003 IT-RoPAU
008 120407s9999 xx 000 0 und d
040 _aIT-RoPAU
040 _cIT-RoPAU
041 _aita
100 _aGiovanni Paolo I
245 _aIl buon Samaritano. Corso di Esercizi Spirituali.
250 _aPadova
260 _aEMP
260 _c1980
300 _a373 p.
300 _c21 cm
490 _v1
942 _cBK
999 _c33599
_d33599